[Event "ESP-ch Amateurs U1700"]
[Site "Murcia"]
[Date "2022.08.30"]
[Round "2.2"]
[White "Valenzuela Garcia, Alberto"]
[Black "Gimenez Gil, Manuel"]
[Result "1-0"]
[WhiteElo "1506"]
[BlackElo "1678"]
[PlyCount "71"]
[EventDate "2022.08.30"]
[EventType "swiss"]
[EventRounds "9"]
[EventCountry "ESP"]
[SourceTitle "EXT 2024"]
[Source "ChessBase"]
[SourceDate "2023.10.10"]
[SourceVersion "1"]
[SourceVersionDate "2023.10.10"]
[SourceQuality "1"]

1. c4 Nf6 2. g3 d5 3. cxd5 Nxd5 4. Bg2 c6 5. Nc3 e6 6. Nf3 Nd7 7. a3 Be7 8. 0-0 h5 9. h3 Bf6 10. Ne4 Be7 11. d3 e5 12. d4 exd4 13. Qxd4 N7f6 14. Neg5 Qb6 15. Qe5 Qc7 16. Qd4 Qb6 17. Qd3 g6 18. e4 Nc7 19. Qc3 Nb5 20. Qc4 Nd6 21. Qc2 Ng8 22. e5 Bf5 23. Qe2 Nb5 24. Qc4 Nh6 25. b4 0-0-0 26. Be3 Qc7 27. a4 Bd3 28. Qb3 Bxf1 29. Kxf1 Nd6 30. exd6 Qxd6 31. Bc5 Qd7 32. Ne5 Qf5 33. Bxe7 Qxe5 34. Re1 Qf5 35. Bxd8 Rxd8 36. Qe3 1-0